LEADER 01147nam0-2200373---450- 001 990002895490203316 005 20070403150943.0 010 $a88-420-4183-1 035 $a000289549 035 $aUSA01000289549 035 $a(ALEPH)000289549USA01 035 $a000289549 100 $a20070403d1993----km|y0itay50------ba 101 0 $aita 102 $aIT 105 $ay|||z|||001yy 200 1 $a<> Vaticano e Mosca, 1940-1990$fAndrea Riccardi 210 $aRoma [etc.]$cLaterza$d1993 215 $aXVI, 390 p.$d21 cm 225 2 $aBiblioteca universale Laterza$v395 410 1$12001$aBiblioteca universale Laterza$v395 517 1 $a<> Vaticano e Mosca 606 0 $aSanta sede$xRelazioni con l'Unione sovietica$z1940-1990 676 $a327.45634047 700 1$aRICCARDI,$bAndrea$f<1950- >$0139518 801 0$aIT$bsalbc$gISBD 912 $a990002895490203316 951 $aX.3.B. 4105$b52701 G.$cX.3.B.$d00129476 959 $aBK 969 $aUMA 979 $aANNAMARIA$b90$c20070403$lUSA01$h1509 979 $aANNAMARIA$b90$c20120327$lUSA01$h1255 996 $aVaticano e Mosca, 1940-1990$976388 997 $aUNISA LEADER 01551nas 22004452a 450 001 9910402049503321 005 20240413012549.0 035 $a(CKB)991042754056082 035 $a(CONSER)sn-98001028- 035 $a(EXLCZ)99991042754056082 100 $a19980706a19989999 --- - 101 0 $aeng 181 $ctxt$2rdacontent 182 $cc$2rdamedia 183 $acr$2rdacarrier 200 00$aCountry review$iNamibia 210 $aHouston, TX $cCommercial Data International 215 $a1 online resource 311 08$aPrint version: Country review. 1520-1007 (DLC)sn 98001028 (OCoLC)39396298 517 3 $aNamibia 606 $aEcology$2fast$3(OCoLC)fst00901476 606 $aEconomic history$2fast$3(OCoLC)fst00901974 606 $aPolitics and government$2fast$3(OCoLC)fst01919741 606 $aSocial conditions$2fast$3(OCoLC)fst01919811 607 $aNamibia$xEconomic conditions$y1990-$vPeriodicals 607 $aNamibia$xEnvironmental conditions$vPeriodicals 607 $aNamibia$xPolitics and government$y1990-$vPeriodicals 607 $aNamibia$xSocial conditions$vPeriodicals 607 $aNamibia$2fast$1https://id.oclc.org/worldcat/entity/E39PBJcGkb6tFmx37rp4CBdvpP 608 $aPeriodicals.$2fast 608 $aPeriodicals.$2lcgft 615 7$aEcology. 615 7$aEconomic history. 615 7$aPolitics and government. 615 7$aSocial conditions. 906 $aJOURNAL 912 $a9910402049503321 920 $aexl_impl conversion 996 $aCountry review$92425273 997 $aUNINA